| 000 | 00801nam a2200229Ia 4500 | ||
|---|---|---|---|
| 001 | 18924 | ||
| 003 | GE_BSU | ||
| 008 | 181216s||||||||xx |||||||||||||| ||und|| | ||
| 040 | _cGE_BSU | ||
| 245 | _aВестник Древней истории №2 том 76 Апрель-май июль, 2016 | ||
| 245 | _bJournal of ancient history | ||
| 245 | _cГл. ред. А.И.Иванчук и др. | ||
| 260 | _aМосква | ||
| 260 | _bНаука | ||
| 260 | _c2016 | ||
| 300 | _a543стр.25см | ||
| 520 | _aЖурнал выходит четыре раза в год основан в 1937г | ||
| 653 | _aВестник Древней истории№2 том 76 Апрель-май июль, 2016 | ||
| 653 | _aПериодика | ||
| 653 | _aპერიოდიკა | ||
| 942 | _cCR | ||
| 999 |
_c51924 _d51924 |
||